[Event "World Amateur-ch U2300"]
[Site "Muscat"]
[Date "2023.11.09"]
[Round "8"]
[White "Alhejab, Meshal"]
[Black "Ahmed, Hassan Ahmed"]
[Result "0-1"]
[WhiteElo "1598"]
[BlackElo "2121"]
[PlyCount "78"]
[EventDate "2023.11.02"]
[EventType "swiss"]
[EventRounds "9"]
[EventCountry "OMN"]
[SourceTitle "CB46_2023"]
[SourceDate "2023.11.15"]
[SourceVersion "1"]
[SourceVersionDate "2023.11.15"]
[SourceQuality "1"]

1. e4 g6 2. d4 Bg7 3. Nc3 d6 4. f4 a6 5. a4 Nf6 6. Nf3 0-0 7. Bd3 Bg4 8. h3 Bxf3 9. Qxf3 Nc6 10. Be3 Nd7 11. e5 Nb4 12. Ne4 c5 13. dxc5 dxe5 14. f5 Nd5 15. g4 Rc8 16. c3 Qc7 17. b4 Nxc3 18. h4 Nd5 19. h5 Nxb4 20. Bb1 Qa5 21. hxg6 fxg6 22. Bd2 e6 23. Ba2 Rce8 24. Qh3 Nf6 25. fxe6 Re7 26. g5 Nh5 27. Qb3 Nf4 28. Rb1 Nbd3+ 29. Kd1 Qd8 30. Qc4 Kh8 31. Rb6 Qxb6 32. cxb6 Nb2+ 33. Kc2 Nxc4 34. Bb4 Ne3+ 35. Kd2 Ned5 36. Bxe7 Nxe7 37. Rc1 Rd8+ 38. Ke3 h5 39. Nf6 h4 0-1